000 00449nam a2200181Ia 4500
001 10250
005 20260306161818.0
008 260306t2003||||xx |||||||||||||| ||spa||
041 _aESP
082 _a909.82
_bH94
100 _aHuntington, Samuel P.
_eAUT
245 0 _aEl choque de civilizaciones:
_by la reconfiguración del orden mundial
260 _c2003
300 _a
_c
650 _aGEN
654 _aCHU
942 _cLIB
_dJUS
_fJUS
_2ddc
_n
999 _c10250
_d10250